000 00693nam a2200265Ia 4500
003 OSt
005 20220918200243.0
006 a|||||r|||| 00| 0
007 ta
008 220917b |||||||| |||| 00| 0 eng d
024 _a88,000
037 _cTextual
040 _aARTS
_cARTS
_beng
041 _2eng
_aeng
082 _aT15:(R), K8
100 _aDearden R F
_993254
245 0 _aPhilosophy of primary education
260 _aLondon
_bRoutledge and Kegan Paul
_c1968
300 _a194p.
_ccm.
490 _aStudies of library education
500 _aBib 182-6
650 _aEDUCATION
942 _hT15:(R), K8
_cTEXL
_2CC
999 _c211690
_d211690